Представление документа в формате MARC21

ПолеНазваниеЗначение
  Тип записи a
  Библиографический уровень m
001 Контрольный номер RU\infra-m\znanium\bibl\2219347
005 Дата корректировки 20260429142154.1
008 Кодируемые данные 260326s2025 RU g rus u
020 Индекс ISBN __
a ISBN 978-5-16-020453-6
020 Индекс ISBN __
a ISBN 978-5-16-107185-4 (электр. издание)
040 Источник каталогиз. __
a Служба первич. каталог. Общество с ограниченной ответственностью «ЗНАНИУМ»
041 Код языка издания __
a Код языка текста rus
044 Код страны публикации __
a Код страны публикации RU
080 Индекс УДК __
a Индекс УДК 159.922.6(075.8)
084 Индекс другой классификации/Индекс ББК __
2 Источник индекса rubbk
a Индекс другой классификации/Индекс ББК 88.37я73
084 Индекс другой классификации/Индекс ББК __
2 Источник индекса okso
a Индекс другой классификации/Индекс ББК 37.03.01
084 Индекс другой классификации/Индекс ББК __
2 Источник индекса okso
a Индекс другой классификации/Индекс ББК 37.05.01
084 Индекс другой классификации/Индекс ББК __
2 Источник индекса okso
a Индекс другой классификации/Индекс ББК 37.05.02
084 Индекс другой классификации/Индекс ББК __
2 Источник индекса okso
a Индекс другой классификации/Индекс ББК 44.03.01
084 Индекс другой классификации/Индекс ББК __
2 Источник индекса okso
a Индекс другой классификации/Индекс ББК 44.03.05
084 Индекс другой классификации/Индекс ББК __
2 Источник индекса okso
a Индекс другой классификации/Индекс ББК 44.04.01
100 Автор __
a Автор Сапогова Е. Е.
q Полное имя Сапогова Елена Евгеньевна
u Дополнение Московский педагогический государственный университет
245 Заглавие __
a Заглавие Психология развития и возрастная психология
b Продолж. заглавия Учебное пособие
c Ответственность Московский педагогический государственный университет
250 Сведения об издании __
g перераб. и доп.
a Основные сведения об издании 2
260 Выходные данные __
a Место издания Москва
b Издательство ООО "Научно-издательский центр ИНФРА-М"
c Дата издания 2026
300 Физическое описание __
a Объем 638 с.
440 Серия __
a Серия Высшее образование
520 Аннотация __
a Аннотация Учебное пособие содержит систематизированную информацию о психологическом социокультурном историко-этнографическом психобиологическом и других аспектах развития меняющегося во времени человека. Первый раздел посвящен общетеоретическим проблемам психологии развития второй — анализу разных возрастов. Комплексный характер пособия позволяет решить задачи становления в профессиональном сознании устойчивого комплекса научных категорий и понятий с помощью которых в психологии описывается фактологическое многообразие проявлений психической жизни развивающегося человека; ознакомления с классическими и современными трактовками развития человека с разными вариантами психологической интерпретации его сущности природы механизмов движущих сил и противоречий; раскрытия диалектики и феноменологии становления человека как культурно-исторического субъекта; формирования представлений о сложности и неоднозначности эволюции ребенка как человеческого существа; понимания основных закономерностей становления личности и индивидуальности человека на каждом этапе его развития. Соответствует требованиям федеральных государственных образовательных стандартов высшего образования последнего поколения. Предназначено для изучения дисциплины «Психология развития возрастная психология» при профессиональной подготовке психологов в вузах и ориентировано на учащихся бакалавриата и магистратуры психологических факультетов классических и педагогических университетов гуманитарных и медицинских вузов а также аспирантов преподавателей психологии и практических психологов повышающих квалификацию в области возрастной психологии.
521 Примеч. о цел. назн. __
a Примеч. о целев. назн. ВО - Бакалавриат
650 Тематические рубрики __
a Основная рубрика Психология
x Основная подрубрика Развитие психики
655 Указ. предметных рубрик (устаревшее) __
a Жанр/ форма (устаревшее) Учебное пособие
856 Электронный адрес документа 4_
a Имя сервера/домена znanium.ru
m Помощь ebs_support@infra-m.ru
n Местонахождение сервера НИЦ ИНФРА-М
u URL https://znanium.ru/catalog/document?id=468868
856 Электронный адрес документа 48
a Имя сервера/домена znanium.ru
d Путь /cover/2219
f Электронное имя 2219347.jpg
q Тип электронного формата image/jpeg
u URL https://znanium.ru/cover/2219/2219347.jpg
911 __
u 0030=https://znanium.ru/catalog/document?id=468868